Best MLB player by number - Statistics

General Stats
  • This quiz has been taken 21 times
  • The average score is 15 of 101
Answer Stats
Hint Answer % Correct
3 Babe Ruth
78%
27 Mike Trout
67%
5 | 44 Hank Aaron
61%
7 Mickey Mantle
61%
25 Barry Bonds
50%
00 Bobby Bonds
50%
77 Ivan Rodriguez
50%
34 Nolan Ryan
50%
15 Randy Johnson
50%
9 Ted Williams
50%
61 Dennis Martinez
44%
1 Ozzie Smith
44%
45 Pedro Martinez
44%
63 Victor Martinez
44%
40 Brooks Robinson
39%
20 Frank Robinson
39%
42 Jackie Robinson
39%
24 Willie Mays
33%
55 Albert Pujols
28%
54 Clayton Kershaw
28%
50 Mookie Betts
28%
22 Rickey Henderson
28%
31 Bob Gibson
22%
2 Jimmie Foxx
22%
59 Justin Verlander
22%
17 Ken Griffey Jr.
22%
21 Roberto Clemente
22%
12 Roger Clemens
22%
72 Carlton Fisk
17%
86 Clarke Schmidt
17%
30 Greg Maddux
17%
51 Ichiro Suzuki
17%
62 Jose Ramirez
17%
99 Manny Ramirez
17%
37 Max Scherzer
17%
14 Pete Rose
17%
6 Stan Musial
17%
41 Tom Seaver
17%
26 Wade Boggs
17%
52 CC Sabathia
11%
57 Gary Carter
11%
8 Joe Morgan
11%
19 Robin Yount
11%
47 Tom Glavine
11%
16 Warren Spahn
11%
29 Adrian Beltre
6%
0 Al Oliver
6%
28 Bert Blyleven
6%
91 Carlos Gomez
6%
65 Cliff Lee
6%
43 Curt Schilling
6%
53 Don Drysdale
6%
11 Eddie Matthews
6%
36 Gaylord Perry
6%
83 Justin Turner
6%
33 Larry Walker
6%
35 Phil Niekro
6%
4 Rogers Hornsby
6%
32 Steve Carlton
6%
96 Tommy Hunter
6%
88 Albert Belle
0%
85 Alejandro Kirk
0%
13 Alex Rodruigez
0%
80 Anthony Bender
0%
82 Bailey Ober
0%
75 Barry Zito
0%
58 Brian Giles
0%
69 Bronson Arroyo
0%
49 Chris Sale
0%
60 Dick Allen
0%
64 Dustin Pedroia
0%
81 Eddie Guardado
0%
46 Fergie Jenkins
0%
97 Joe Biemel
0%
74 Joe Nathan
0%
79 Jose Abreu
0%
76 Jose Iglesias
0%
94 Jose Mesa
0%
68 Josh Reddick
0%
92 JP Sears
0%
87 Juan Lagares
0%
78 Julio Urias
0%
93 Kevin Kiermaier
0%
10 Lefty Grove
0%
70 Manuel Margot
0%
56 Mark Buehrle
0%
66 Paul Konerko
0%
67 Placido Polanco
0%
84 Prince Fielder
0%
98 Randy Vasquez
0%
18 Red Ruffing
0%
48 Rick Reuschel
0%
38 Robin Roberts
0%
39 Stan Hack
0%
89 Tanner Houck
0%
71 Taylor Douthit
0%
90 Thairo Estrada
0%
73 Tony Phillips
0%
95 Trevor Rogers
0%
23 Zack Grienke
0%
No matching quizzes found
Score Distribution
Percent of People with Each Score
Percentile by Number Answered
Your Score History
You have not taken this quiz